Alexandrina. en l'honneur de Mervat Seif el-Din / 4 :

محفوظ في:

المؤلف الرئيسي: Empereur, J.-Y. (مؤلف)

مؤلفون آخرون: Seif El-Din, Merwatte.

التنسيق: كتاب

اللغة: French
English
Arabic

منشور في: Alexandrie : Centre d'Etudes Alexandrines, c2014.

سلاسل: Etudes Alexandrines ; 32.
EtAlex ; 32.

الموضوعات:

الوسوم: إضافة وسم

لا توجد وسوم, كن أول من يضع وسما على هذه التسجيلة!

رقم الطلب: DT73 .A4 E88 v.32

LEADER 01108nam a22003257a 4500
003 OSt
005 20251207084541.0
008 251207t2014 ua a g b 010 0 fre d
020 |a 9782111298552 
040 |c ARCE Library 
041 0 |a fre  |a eng  |a ara 
043 |a f-ua--- 
050 1 4 |a DT73 .A4  |b E88 v.32 
100 1 |a Empereur, J.-Y.  |q (Jean-Yves),  |e author  |9 29607 
245 1 0 |a Alexandrina.   |n 4 :   |b en l'honneur de Mervat Seif el-Din /   |c édité par Jean-Yves Empereur. 
264 1 |a Alexandrie :   |b Centre d'Etudes Alexandrines,   |c c2014. 
300 |a 396 pages :   |b illustrations (some color) ;   |c 28 cm. 
490 1 |a Etudes Alexandrines ;   |v 32. 
490 1 |a EtAlex ;   |v 32. 
504 |a "Bibliographie de Mervat Seif el-Din" : p. 11-14. 
546 |a Text in French, English and Arabic on the back cover. 
600 1 0 |a Seif el-Din, Merwatte. 
651 0 |a Egypt  |x Antiquities. 
651 0 |a Alexandria (Egypt)   |x Antiquities. 
700 1 |a Seif El-Din, Merwatte. 
830 0 |a Etudes Alexandrines ;   |v 32. 
830 0 |a EtAlex ;   |v 32. 
901 |a reviewed 
942 |c BK  |2 lcc 
999 |c 27861  |d 27861